000
00327nam a2200169Ia 4500
100
_a
Kumar/Balbir
650
_a
EDC
250
_a
2
942
_c
BK
366
_f
25
245
_a
Electronic devices and circuits
260
_b
prentice hall
_c
2014
082
_b
KUM
300
_a
728
546
_a
ENGLISH
999
_c
22843
_d
22843